| 000 | 01283nam a2200241Ia 4500 | ||
|---|---|---|---|
| 003 | Ost | ||
| 005 | 20260507075035.0 | ||
| 008 | 260507s9999||||xx |||||||||||||| ||und|| | ||
| 020 | _a91014029957 | ||
| 040 | _cfsecg | ||
| 041 | _aara | ||
| 082 | _a330 | ||
| 100 |
_aعبد السلام، عبد الغفور _eمؤلف |
||
| 245 | 0 |
_aإدارة المشروعات الصغيرة / _c عبد الغفور عبد السلام |
|
| 260 |
_aعمان: _bدار صفاء للنشر والتوزيع, _c2001 |
||
| 300 |
_a271 صفحة؛ _bإيضاحات ؛ _c24 سم |
||
| 520 | _aالمدخل الى المشروعات الصغيرة- تأسيس المشروع الصغير- مصادر تمويل المشروعات-إختيار الموقع للمشروع الصغير-إدارة المشتريات والمستودعات في المشروعات الصغيرة- التسوية في المشروعات الصغيرة -قروض العملاء- التأمين والمخاطر والرقة -تعريف النظام المحاسبي- الدولة والمشاريع الصغيرة | ||
| 653 | _aإدارة -المشروعات | ||
| 653 | _aالإدارة | ||
| 653 | _aالمشروعات | ||
| 700 |
_aالحلبي، رياض وآخرون _eمؤلف ثانوي |
||
| 942 | _cكتاب | ||
| 999 |
_c42454 _d42454 |
||